000 00720cab a2200241 4500
001 X3019
008 090401t1995 xxu||||| |||| 00| 0 eng d
035 _a(Sirsi) u27997
041 _aeng
100 _aTravers, T.
245 2 _aA tour of Coventry cathedral
260 _c1995
350 _a0
490 _aCSM (Chartered Surveyor Monthly)
_v5(2) October 1995, 26-27(2)
520 _aDescribes a tour of Coventry cathedral, rebuilt after the war, highlighting important components of the building.
650 _aARCHITECTURE
650 _aCATHEDRALS
650 _aCOVENTRY CATHEDRAL
650 _aSPENCE SIR BASIL
690 _aBUILT ENVIRONMENT-CONSTRUCTION DESIGN
942 _n0
948 _c04/03/1997
999 _c18880
_d18880